00778cam a22002655a 450000100090000000300040000900500170001300800410003001000170007102000150008804000130010304200080011605000240012408200250014811000420017324500630021526000580027826300090033630000200034552100350036552600160040054100060041656200560042270000340047812103289OSt20140310182713.0000711s2000 inu 000 0 eng  a 00106591  a0764552295 aDLCcDLC apcc aGV 943 b.Un58 2000 aM 796.334 bUn3 20002 aUnited States Soccer Federation, Inc.10aSoccer for dummies cUnited States Soccer Federation, Inc. aFoster City, CA :bIDG Books Worldwide, Inc.,cc2000. a0008 a372 p. c24 cm. ahigh school to college student c0L to 1700L j1 efor circulation. 1 copy available in the collection1 aLewis, Michael,d1952 May 16-